000 00511nam a2200181Ia 4500
001 22818
005 20260414150856.0
008 260414t2006||||xx |||||||||||||| ||spa||
041 _aESP
082 _a624.15
_bI59
110 _aInstituto Mexicano del Cemento y del Concreto
245 0 _aAnálisis sugerido y procedimientos de diseño para zapatas combinadas y losas de cimentacion
_b
260 _c2006
300 _a30 páginas :
_c28 cm.
650 _a0
654 _aCIC
942 _cLIB
_dJUS
_fJUS
_2ddc
_n
999 _c22818
_d22818